El maestro : fundación de la teoría del signo.

-д хадгалсан:
Номзүйн дэлгэрэнгүй
Үндсэн зохиолч: Agustín, Santo, Obispo de Hipona (autor)
Бусад зохиолчид: Fullat I Genis, Octavi, prol (autor) prol, (autor), Ponce Rivas, Antonio, adapt (autor) adapt, (autor)
Формат: Үл мэдэгдэх
Цуврал:(Mito y razón)
Нөхцлүүд:
Шошгууд: Шошго нэмэх
Шошго байхгүй, Энэхүү баримтыг шошголох эхний хүн болох!

MARC

LEADER 00000c**#a2200000ua#4500
001 000495674
005 20250521000000.0
008 051124s^^^^^^^^^^^^^^^^r^^^^^000^0^spa^d
009 20260310125554.596
035 |a FCE 000039082 
037 |a Acervo ITESO - Biblioteca 
082 0 4 |a 184  |b AGUm 
100 |a Agustín, Santo, Obispo de Hipona  |e (autor) 
245 1 0 |a El maestro :  |b fundación de la teoría del signo. 
264 |a México :  |b Investiga, Automatiza y Diseña,  |c 1996. 
300 |a 234 p. :  |b il. 
336 |a texto  |b txt  |2 rdacontenido 
337 |a sin mediación  |b n  |2 rdamedio 
338 |a volumen  |b nc  |2 rdasoporte 
440 1 |a (Mito y razón) 
596 |a Fuentes de la iconografía. 
596 |a Incluye bibliografía. 
649 |a XX 
650 |a Filosofía 
650 |a Lenguaje 
650 |a Enseñanza del lenguaje 
650 |a Lingüística 
700 |a Fullat I Genis, Octavi,  |e prol  |e (autor) 
700 |a Ponce Rivas, Antonio,  |e adapt  |e (autor) 
910 |a Fondo Centro de Estudios Educativos 
920 |a Impresos - Libros 
930 |a Fondos Especiales 
905 |a 133 
901 |a ALE039109  |b IT2  |c CEE  |u 20250521 
902 |a https://opac.biblio.iteso.mx/vufind/Record/000495674